000 00682nam a2200169 a 4500
001 000042389
005 20201002040125.0
008 131127s1995 sp a 001 0 spa d
020 _a2082115526
040 _aDO-SdBNP
_bspa
_cBNPHU
100 1 _aAzéma, Jean-Pierre
_969491
245 1 0 _a1938-1948 Les Années de Tourmente de Munich à Prague :
_bDictionnaire critique /
_cJean-Pierre Azéma, François Bédarida ; avec la collaboration de Charles Robert Ageron ... [et al.].
260 _aFrance :
_bFlammarion,
_c1995.
300 _a1137 p. :
_bil., retrs ;
_c27 cm.
_bil., mapas, retrs. ;
_c26 cm.
700 1 _aAgeron, Charles-Robert
_969492
700 1 _aaBédarida, François
_969493
999 _c41878
_d41878